<?xml version="1.0" encoding="UTF-8"?>
<record
    xmlns:xsi="http://www.w3.org/2001/XMLSchema-instance"
    xsi:schemaLocation="http://www.loc.gov/MARC21/slim http://www.loc.gov/standards/marcxml/schema/MARC21slim.xsd"
    xmlns="http://www.loc.gov/MARC21/slim">

  <leader>02322nab a2200253 uc4500</leader>
  <controlfield tag="001">630810</controlfield>
  <controlfield tag="005">20260313100714.0</controlfield>
  <controlfield tag="008">001019s2000                        spa  </controlfield>
  <datafield tag="035" ind1=" " ind2=" ">
    <subfield code="a">630810</subfield>
  </datafield>
  <datafield tag="035" ind1=" " ind2=" ">
    <subfield code="a">(OCoLC)819847557</subfield>
  </datafield>
  <datafield tag="040" ind1=" " ind2=" ">
    <subfield code="c">comduadb</subfield>
  </datafield>
  <datafield tag="041" ind1=" " ind2=" ">
    <subfield code="a">spa</subfield>
  </datafield>
  <datafield tag="100" ind1="1" ind2="0">
    <subfield code="a">Casta&#xF1;o V&#xE9;lez, Elkin</subfield>
    <subfield code="4">aut</subfield>
    <subfield code="e">aut</subfield>
    <subfield code="9">508221</subfield>
  </datafield>
  <datafield tag="245" ind1="1" ind2="0">
    <subfield code="a">M&#xE9;todos de combinaci&#xF3;n de pron&#xF3;sticos: una aplicaci&#xF3;n a la inflaci&#xF3;n</subfield>
  </datafield>
  <datafield tag="260" ind1=" " ind2=" ">
    <subfield code="c">2000.</subfield>
  </datafield>
  <datafield tag="520" ind1="3" ind2=" ">
    <subfield code="a">En este trabajo se presentan algunos m&#xE9;todos de combinaci&#xF3;n de pron&#xF3;sticos de diferentes modelos econom&#xE9;tricos. Estas metodolog&#xED;as tienen como principal objetivo encontrar una combinaci&#xF3;n lineal de pron&#xF3;sticos de diferentes modelos que produzca una predicci&#xF3;n mejorada en t&#xE9;rminos de precisi&#xF3;n. Basados en estas t&#xE9;cnicas se realizan dos ejercicios: en la primera aplicaci&#xF3;n se emplean estos m&#xE9;todos sobre quince modelos trimestrales de la inflaci&#xF3;n colombiana para pron&#xF3;sticos en el periodo comprendido entre 1992:I y 1998:II considerando horizontes desde uno hasta cuatro trimestres. Los resultados de este an&#xE1;lisis muestran una mejor&#xED;a significativa en las predicciones; en efecto, el pron&#xF3;stico combinado comparado con los pron&#xF3;sticos del mejor de los modelos econom&#xE9;tricos reporta ganancias en precisi&#xF3;n (RMSE); en caso del horizonte de un trimestre es del 16.1%; para el horizonte que dos trimestres es del 42%; para el horizonte tres del 21.3% y del 12.8% para el horizonte de cuatro trimestres. La segunda aplicaci&#xF3;n de las metodolog&#xED;as de combinaci&#xF3;n de pron&#xF3;sticos se realiza utilizando un ejercicio de simulaci&#xF3;n, el cual se basa en modelos similares a los empleados en el primer ejercicio; los resultados obtenidos muestran que bajo t&#xE9;cnicas adecuadas de combinaci&#xF3;n de pron&#xF3;sticos es posible obtener alrededor de un 50% y 35% de ganancia en precisi&#xF3;n con respecto a los modelos individuales para horizontes de uno y cuatro trimestres, respectivamente.</subfield>
  </datafield>
  <datafield tag="650" ind1=" " ind2=" ">
    <subfield code="a">Pron&#xF3;sticos</subfield>
    <subfield code="9">34141</subfield>
  </datafield>
  <datafield tag="650" ind1=" " ind2="7">
    <subfield code="a">Inflaci&#xF3;n</subfield>
    <subfield code="z">Colombia</subfield>
    <subfield code="2">lemb</subfield>
    <subfield code="9">5686</subfield>
  </datafield>
  <datafield tag="650" ind1=" " ind2=" ">
    <subfield code="a">Modelos econom&#xE9;tricos - Colombia</subfield>
    <subfield code="9">10098</subfield>
  </datafield>
  <datafield tag="650" ind1=" " ind2=" ">
    <subfield code="a">Proyecciones econ&#xF3;micas</subfield>
    <subfield code="9">23376</subfield>
  </datafield>
  <datafield tag="700" ind1="1" ind2="0">
    <subfield code="a">Melo Velandia, Luis Fernando</subfield>
    <subfield code="4">aut</subfield>
    <subfield code="e">aut</subfield>
    <subfield code="9">311033</subfield>
  </datafield>
  <datafield tag="773" ind1="0" ind2=" ">
    <subfield code="t">Lecturas de Econom&#xED;a (Medell&#xED;n)</subfield>
    <subfield code="g">No. 52, Ene.-Jun. 2000, p. 113-165</subfield>
    <subfield code="w">6587</subfield>
    <subfield code="x">0120-2596</subfield>
    <subfield code="0">5331</subfield>
  </datafield>
  <datafield tag="942" ind1=" " ind2=" ">
    <subfield code="c">ARIMP</subfield>
  </datafield>
  <datafield tag="999" ind1=" " ind2=" ">
    <subfield code="c">159604</subfield>
    <subfield code="d">159604</subfield>
  </datafield>
</record>
